000 00709nam a22001697a 4500
003 UA-OsUOA
001 10139
007 ta
008 20050111b un ||||| |||| 00| 0 ukr d
942 _cSA
040 _aUA-OsUOA
_cUA-OsUOA
_dUA-OsUOA
245 _aПро внесення змін до переліку виробів медичного призначення, операції з продажу яких звільняються від обкладення податком на додану вартість: Постанова від 31 грудня 2004 р. № 1786
300 _aС.20
955 _a0
773 0 _w0
_tУрядовий кур'єр
_dКиїв
_d2005
_gN2 / 6 січ./
650 7 _2UDC
999 _c296300
_d296300